ბათუმის შოთა რუსთაველის სახელმწიფო უნივერსიტეტის ბიბლიოთეკა

ჩანაწერი Personal Name

ჩანაწერთა რაოდენობა, რომელიც გამოყენებულია: 2

001 - CONTROL NUMBER

  • control field: 10736

003 - CONTROL NUMBER IDENTIFIER

  • control field: GE_BSU

005 - DATE AND TIME OF LATEST TRANSACTION

  • control field: 20210324180526.0

008 - FIXED-LENGTH DATA ELEMENTS

  • fixed length control field: 210324|| aca||aabn | a|a d

040 ## - CATALOGING SOURCE

  • Original cataloging agency: GE_BSU
  • Transcribing agency: GE_BSU

100 ## - HEADING--PERSONAL NAME

  • Personal name: შავლაძე, თ.
  • Relator term: სამეცნ. ხელ-ლი

670 ## - SOURCE DATA FOUND

  • Source citation: Work cat.: (GE_BSU)56582: მახარაძე, მერი 10735, საგაზეთო ფელეტონის იუმორის ეპოქალურ-კულტურული არსი და კვლევის ლინგვოკულტუროლოგიური პერსპექტივა (ქართული და ინგლისური საგაზეთო ფელეტონების მასალაზე) /